000 01467cam a2200337 a 4500
001 12574345
003 ARRUPE
005 20220404090314.0
008 011029s2001 enk b 001 0deng
010 _a 2001278808
020 _a0192854178
040 _aDLC
_cDLC
_dDLC
050 0 0 _aB804
_b.M257 2001
082 0 0 _a190
_221
100 1 _aMagee, Bryan.
_951158
245 1 0 _aTalking philosophy :
_bdialogues with fifteen leading philosophers /
_cBryan Magee.
260 _aOxford ;
_aNew York :
_bOxford University Press,
_c[2001]
300 _axiii, 275 p. ;
_c20 cm.
500 _aRev. ed. of: Men of ideas. 1978.
500 _a"Derives from a series of fifteen television programmes ... screened by the BBC in January-April 1978"--P. vii.
504 _aIncludes bibliographical references (p. [264]-272) and index.
650 0 _aPhilosophers, Modern
_vInterviews.
_95744
650 0 _aPhilosophy, Modern
_y20th century.
700 1 _aMagee, Bryan.
_tMen of ideas.
_951159
856 4 1 _3Table of contents only
_uhttp://www.loc.gov/catdir/enhancements/fy0611/2001278808-t.html
856 4 2 _3Publisher description
_uhttp://www.loc.gov/catdir/enhancements/fy0611/2001278808-d.html
856 4 2 _3Contributor biographical information
_uhttp://www.loc.gov/catdir/enhancements/fy0726/2001278808-b.html
906 _a7
_bcbc
_corigcop
_d2
_encip
_f20
_gy-gencatlg
942 _2lcc
_cMONOGRAPH
999 _c131216
_d131216